| 000 | 00711nam a2200205Ia 4500 | ||
|---|---|---|---|
| 003 | GCL | ||
| 005 | 20240530095441.0 | ||
| 008 | 140319s9999 xx 000 0 ara d | ||
| 040 |
_aGCL / _cGCL |
||
| 082 | 0 | 4 |
_a336.01 _bا ر |
| 100 | 1 | _aاكرم ابراهيم حماد | |
| 245 | 1 | 0 |
_aالرقابة المالية فى القطاع الحكومى / _cاكرم ابراهيم حماد |
| 260 |
_aالاردن : _bجهينة للنشر والتوزيع ، _c2004 |
||
| 300 |
_a265 ص ؛ _c24 سم |
||
| 650 | 0 | 4 | _aالمؤسسات العامة |
| 650 | 0 | 4 | _aالمالية العامة |
| 650 | 0 | 4 | _aالرقابة المالية |
| 650 | 0 | 4 | _aالمالية العامة - فلسطين |
| 942 |
_2ddc _cBK |
||
| 999 |
_c7397 _d7397 |
||